Statistiques concernant Tous les objets tenus de Pokémon Unite

Cliquez ici pour prendre le quiz!

Statistiques générales

  • Ce quiz a été pris 6 fois
  • Le résultat moyen est 7 sur 19

Statistiques - réponses

Réponse% Correct
Casque Brut
83%
Bandeau
67%
Griffe Rasoir
67%
Lunettes Choix
67%
Bandeau Muscle
50%
Restes
50%
Veste de Combat
50%
Biscuit Aeos
33%
Bouclier de secours
33%
Grelot Coque
33%
Lentilscope
33%
Lunettes Sages
33%
Protec-Score
33%
Vulné-Assurance
17%
Haltère de force
0%
Lunettes d'assaut
0%
Mégaphone énergétique
0%
Multi Exp.
0%
Pierrallégée
0%

Distribution des résultats

Percentile par nombre de réponses

% des personnes avec chaque résultat

Votre développement - résultats

Vous n’avez pas pris ce quiz